000 00816nam a22002297a 4500
005 20260424153938.0
008 260424b |||||||| |||| 00| 0 eng d
020 _a9789381939147 (hbk)
037 _cTB
040 _aCRL
_cCRL
041 _2hin
_ahin
084 _aO152,3NSIx Q5
_qCRL
100 _aसिंह, तारा
_91235579
245 _aरसवंती
260 _aदिल्ली, भारत:
_bमीनाक्षी प्रकाशन,
_c2015.
300 _a96पृ.
365 _b120.00
_cINR
650 _aहिन्दी कहानी
650 _aहिन्दी साहित्य
942 _2CC
_cTB
_hO152,3NSIx Q5
_n0
999 _c1848537
_d1848537